| 000 | 00549cam a2200205 a 4500 | ||
|---|---|---|---|
| 001 | sa 65009172 | ||
| 003 | DLC | ||
| 005 | 20260227112200.0 | ||
| 008 | 840105s1964 ii 000 f urdo | ||
| 010 | _asa 65009172 | ||
| 040 |
_aDLC _cDLC |
||
| 050 | 0 | 0 |
_aPK2200.S36744 _bM55 1964 |
| 100 | 1 |
_aŚarmā, Narendra, _d1936- |
|
| 245 | 1 | 0 |
_aMis Kīlar / _cNarendar Sharmā. |
| 260 |
_aNaī Dillī : _bMaktabah-yi Āshyānah, _c1964. |
||
| 300 |
_a152 p. ; _c19 cm. |
||
| 500 | _aNovel. | ||
| 546 | _aIn Urdu. | ||
| 650 | 0 |
_aKeeler, Christine _vFiction. |
|
| 999 |
_c66052 _d66052 |
||